|
|
|
|
| LEADER |
01341nam a2200361Ia 4500 |
| 001 |
EBC180175 |
| 003 |
MiAaPQ |
| 005 |
20200520144314.0 |
| 006 |
m o d | |
| 007 |
cr cn||||||||| |
| 008 |
980218s1998 enk sb 000 0 eng d |
| 010 |
|
|
|z 98003179
|
| 020 |
|
|
|z 0203450310
|
| 020 |
|
|
|z 0415178533
|
| 035 |
|
|
|a (MiAaPQ)EBC180175
|
| 035 |
|
|
|a (Au-PeEL)EBL180175
|
| 035 |
|
|
|a (CaPaEBR)ebr10055921
|
| 035 |
|
|
|a (CaONFJC)MIL31888
|
| 035 |
|
|
|a (OCoLC)277846419
|
| 040 |
|
|
|a MiAaPQ
|c MiAaPQ
|d MiAaPQ
|
| 050 |
|
4 |
|a HD9835.F5
|b L38 1998
|
| 082 |
0 |
4 |
|a 676/.2/0685
|2 21
|
| 100 |
1 |
|
|a Laurila, Juha.
|
| 245 |
1 |
0 |
|a Managing technological discontinuities
|h [electronic resource] :
|b the case of the Finnish paper industry /
|c Juha Laurila.
|
| 260 |
|
|
|a London ;
|a New York :
|b Routledge,
|c 1998.
|
| 300 |
|
|
|a xiv, 168 p.
|
| 504 |
|
|
|a Includes bibliographical references (p.148-162).
|
| 533 |
|
|
|a Electronic reproduction. Ann Arbor, MI : ProQuest, 2015. Available via World Wide Web. Access may be limited to ProQuest affiliated libraries.
|
| 650 |
|
0 |
|a Paper industry
|x Technological innovations
|z Finland.
|
| 650 |
|
0 |
|a Technological innovations
|x Management.
|
| 655 |
|
4 |
|a Electronic books.
|
| 710 |
2 |
|
|a ProQuest (Firm)
|
| 856 |
4 |
0 |
|u https://ebookcentral.proquest.com/lib/matrademy/detail.action?docID=180175
|z Click to View
|